[Event "Rio de Janeiro-ch Carioca"]
[Site "Rio de Janeiro"]
[Date "1986.05.29"]
[Round "5"]
[White "De Lima, Zelmo Rodrigues"]
[Black "De Araujo, Celso Eduardo"]
[Result "1-0"]
[WhiteElo "1584"]
[BlackElo "1897"]
[PlyCount "59"]
[EventDate "1986.05.17"]
[EventType "swiss"]
[EventRounds "9"]
[EventCountry "BRA"]
[SourceTitle "EXT 2007"]
[Source "ChessBase"]
[SourceDate "2006.11.23"]
[SourceVersion "1"]
[SourceVersionDate "2006.11.23"]
[SourceQuality "1"]

1. Nf3 Nf6 2. b3 g6 3. Bb2 Bg7 4. e4 d6 5. d3 0-0 6. Nbd2 c5 7. Qe2 Nc6 8. g3 Bg4 9. h3 Bxf3 10. Nxf3 Qa5+ 11. c3 Nd7 12. Qd2 Nde5 13. Bg2 Nxf3+ 14. Bxf3 Ne5 15. Be2 Rac8 16. f4 Nc6 17. h4 b5 18. h5 b4 19. d4 cxd4 20. cxd4 Qb6 21. Rd1 e5 22. hxg6 fxg6 23. Bc4+ Kh8 24. g4 Rxf4 25. Rxh7+ Kxh7 26. Qh2+ Bh6 27. g5 Rxe4+ 28. Kd2 Rxd4+ 29. Bxd4 Qxd4+ 30. Kc2 1-0